Cities that Start with P by Clue - Statistics

General Stats
  • This quiz has been taken 66 times
  • The average score is 14 of 20
Answer Stats
Clue City % Correct
The "City of Lights" and "City of Love" Paris
100%
Home of the world's largest stadium and Kim Jong Un Pyongyang
98%
You can find the Liberty Bell, Independence Hall, and cheesesteaks here Philadelphia
96%
"Steel City" and home of the Steelers, Penguins, and Pirates Pittsburgh
94%
5th largest city in the U.S., and one of the hottest Phoenix
87%
Home of the Charles Bridge and Franz Kafka Prague
85%
Known for the "Running of the Bulls" Pamplona
83%
Known for its historic architecture, modern skyline, and nearby canal Panama City
81%
Largest city in Mallorca Palma
76%
West coast city where "young people go to retire" Portland
74%
City on the Douro River known for historic architecture and wine Porto
69%
Italian UNESCO World Heritage City known for Arab, Norman, and Baroque architecture Palermo
67%
South American capital formerly ruled by the Dutch Paramaribo
67%
The world's most isolated city over 1 million people Perth
67%
Massachusetts town where the pilgrims landed Plymouth
57%
African island capital of the coast of Senegal Praia
57%
New England city home to Brown University Providence
46%
Tahiti's main city Papeete
43%
Desert city known for celebrity getaways and Coachella Palm Springs
39%
Dominican resort town on the eastern tip of the country Punta Cana
22%
No matching quizzes found
Score Distribution
Percent of People with Each Score
Percentile by Number Answered
Your Score History
You have not taken this quiz